[Event "Torneo de Otoño C.C.C. 2014"]
[Site "Colmenarejo ESP"]
[Date "2014.10.19"]
[Round "4.11"]
[White "Juez Gastanaga, Aitor"]
[Black "Melcon Diez, Enrique"]
[Result "1-0"]
[WhiteElo "1703"]
[BlackElo "1623"]
[PlyCount "93"]
[EventDate "2014.09.28"]
[EventType "swiss"]
[EventRounds "7"]
[EventCountry "ESP"]
[Source "lmi"]
[SourceDate "2014.09.28"]

1. e4 c5 2. Nf3 g6 3. d4 cxd4 4. Nxd4 Bg7 5. Nc3 Nc6 6. Be3 Nf6 7. Bc4 O-O 8.
f3 Qb6 9. Bb3 Nxe4 10. Nxe4 Bxd4 11. Bxd4 Nxd4 12. h4 Nxb3 13. axb3 Qe3+ 14.
Kf1 d6 15. Qd5 b6 16. h5 Bf5 17. hxg6 Bxg6 18. Rh4 Bxe4 19. Rxe4 Qc5 20. Qxc5
dxc5 21. Rxe7 a5 22. Rd1 Rad8 23. Red7 Rxd7 24. Rxd7 Re8 25. Rd6 Re6 26. Rxe6
fxe6 27. Ke2 Kf7 28. Ke3 Kf6 29. Ke4 h6 30. f4 h5 31. g3 b5 32. c3 a4 33. c4
axb3 34. cxb5 c4 35. Kd4 c3 36. Kxc3 e5 37. fxe5+ Kxe5 38. Kd3 Kd5 39. Kc3 Kc5
40. Kxb3 Kxb5 41. Kc3 Kc5 42. Kd3 Kd5 43. Ke3 Ke5 44. b3 Kf5 45. b4 Kg4 46. Kf2
h4 47. gxh4 1-0

[Event "Torneo de Otoño C.C.C. 2014"]
[Site "Colmenarejo ESP"]
[Date "2014.10.26"]
[Round "5.1"]
[White "Lopez Perolio, Jorge"]
[Black "Perez De Villar Munoz, Eusebio"]
[Result "0-1"]
[WhiteElo "1835"]
[BlackElo "1981"]
[PlyCount "88"]
[EventDate "2014.09.28"]
[EventType "swiss"]
[EventRounds "7"]
[EventCountry "ESP"]
[Source "lmi"]
[SourceDate "2014.09.28"]

1. e4 e5 2. Nf3 Nf6 3. Nxe5 d6 4. Nf3 Nxe4 5. Bb5+ c6 6. Ba4 Be7 7. O-O Bg4 8.
c3 Ng5 9. d4 Nxf3+ 10. gxf3 Bf5 11. Re1 O-O 12. Bf4 Nd7 13. Nd2 Nb6 14. Bb3 d5
15. Nf1 Bg5 16. Qd2 Bh4 17. Ne3 Bh3 18. Ng2 Qf6 19. Nxh4 Qxh4 20. Bg3 Qh5 21.
Qf4 Rae8 22. Qh4 Qxh4 23. Bxh4 Re6 24. Re5 Nd7 25. Rxe6 fxe6 26. Re1 Rxf3 27.
Bd1 Rf4 28. Bg3 Rf6 29. Re3 Rg6 30. Bc2 Rg5 31. f4 Rh5 32. Bd1 Rh6 33. Bc2 Nf6
34. Re5 Kf7 35. Rg5 g6 36. Re5 Bf5 37. Bd1 Ne4 38. Be1 Rh3 39. Be2 Re3 40.
Rxf5+ exf5 41. Kf1 h6 42. Bf2 Nxf2 43. Kxf2 Re7 44. h4 Kf6 0-1

[Event "Torneo de Otoño C.C.C. 2014"]
[Site "Colmenarejo ESP"]
[Date "2014.10.26"]
[Round "5.2"]
[White "Fraga Suarez, Roberto"]
[Black "Dominguez Coig, Alvaro"]
[Result "1/2-1/2"]
[WhiteElo "1810"]
[BlackElo "1675"]
[PlyCount "56"]
[EventDate "2014.09.28"]
[EventType "swiss"]
[EventRounds "7"]
[EventCountry "ESP"]
[Source "lmi"]
[SourceDate "2014.09.28"]

1. d4 Nf6 2. Nf3 e6 3. c4 b6 4. Nc3 Bb7 5. e3 Be7 6. Bd3 d5 7. O-O Nbd7 8. a3
Ne4 9. Bd2 O-O 10. b4 c5 11. bxc5 bxc5 12. cxd5 exd5 13. Qe2 c4 14. Bc2 Ndf6
15. Ne5 Nxc3 16. Bxc3 Bd6 17. Rfb1 Qc7 18. f4 Ne4 19. Qe1 f6 20. Ba5 Qe7 21.
Nf3 Rfc8 22. Bb4 Rab8 23. Ra2 Bxb4 24. Qxb4 Qxb4 25. Rxb4 c3 26. Ra1 Ba6 27.
Rab1 Rxb4 28. Rxb4 Kf7 1/2-1/2

[Event "Torneo de Otoño C.C.C. 2014"]
[Site "Colmenarejo ESP"]
[Date "2014.10.26"]
[Round "5.3"]
[White "Escanciano Reyero, Daniel"]
[Black "Vazquez Rodriguez, Maria Elena"]
[Result "1-0"]
[WhiteElo "1648"]
[BlackElo "1562"]
[PlyCount "49"]
[EventDate "2014.09.28"]
[EventType "swiss"]
[EventRounds "7"]
[EventCountry "ESP"]
[Source "lmi"]
[SourceDate "2014.09.28"]

1. e4 c5 2. Nc3 Nc6 3. f4 e6 4. Bb5 Nd4 5. Nf3 Nxb5 6. Nxb5 a6 7. Na3 d6 8. c3
b5 9. Nc2 Bb7 10. Qe2 Nf6 11. e5 Nd5 12. d4 Qb6 13. f5 dxe5 14. Nxe5 Nf6 15.
Be3 exf5 16. dxc5 Bxc5 17. Bxc5 Qxc5 18. Ng6+ Be4 19. Nxh8 O-O-O 20. Nxf7 Re8
21. O-O-O Bd5 22. Ne5 Qc7 23. Rhe1 Bc4 24. Qf3 Rxe5 25. Qa8+ 1-0

[Event "Torneo de Otoño C.C.C. 2014"]
[Site "Colmenarejo ESP"]
[Date "2014.10.26"]
[Round "5.4"]
[White "Mataix Fernandez, Ricardo"]
[Black "Garcia Diaz, Alejandro"]
[Result "1-0"]
[WhiteElo "1796"]
[BlackElo "1816"]
[PlyCount "99"]
[EventDate "2014.09.28"]
[EventType "swiss"]
[EventRounds "7"]
[EventCountry "ESP"]
[Source "lmi"]
[SourceDate "2014.09.28"]

1. e4 c5 2. Nf3 d6 3. d4 cxd4 4. Nxd4 a6 5. Bc4 Nf6 6. Nc3 e6 7. Bg5 Be7 8. O-O
O-O 9. f4 Nc6 10. Kh1 Na5 11. Bb3 Nxb3 12. axb3 Ne8 13. Qd2 h6 14. Bxe7 Qxe7
15. Rae1 Nc7 16. f5 Qg5 17. Qf2 e5 18. Nf3 Qd8 19. Qg3 b5 20. h4 f6 21. Nh2 b4
22. Ne2 Bb7 23. Ng1 Nb5 24. Ng4 Kh7 25. Nxh6 Qe8 26. Ng4 Nd4 27. Rf2 Rc8 28. c4
bxc3 29. bxc3 Nxb3 30. Rb2 Nc5 31. Nf2 Qf7 32. Qh3 Rh8 33. Nf3 d5 34. Nd2 Na4
35. Rc2 d4 36. c4 Nc5 37. g4 Kg8 38. h5 Kf8 39. Nd3 Ke7 40. Nxc5 Rxc5 41. Qa3
Kd6 42. Nb3 Rhc8 43. Nxc5 Rxc5 44. Rb2 Qc7 45. Qb4 Bc6 46. Kh2 a5 47. Qa3 a4
48. Reb1 Bxe4 49. Rb6+ Ke7 50. R1b5 1-0

[Event "Torneo de Otoño C.C.C. 2014"]
[Site "Colmenarejo ESP"]
[Date "2014.10.26"]
[Round "5.6"]
[White "Martin Andres, Carlos"]
[Black "Calle Redondo, Daniel"]
[Result "0-1"]
[WhiteElo "1309"]
[BlackElo "1478"]
[PlyCount "53"]
[EventDate "2014.09.28"]
[EventType "swiss"]
[EventRounds "7"]
[EventCountry "ESP"]
[Source "lmi"]
[SourceDate "2014.09.28"]

1. e4 e5 2. f4 Nc6 3. Nf3 d6 4. Bb5 Be7 5. O-O Bg4 6. Qe1 exf4 7. d4 a6 8.
Bxc6+ bxc6 9. Bxf4 Nf6 10. Qc3 Qd7 11. Nbd2 O-O 12. e5 Nd5 13. Qd3 Nxf4 14. Qe4
Nd5 15. c4 Bf5 16. Qe2 Nf4 17. Qe3 Nd3 18. b3 Nb4 19. Ne1 Bh4 20. g3 Be7 21.
Qc3 d5 22. c5 a5 23. a3 Bg5 24. Nef3 Bxd2 25. Nxd2 Nc2 26. Ra2 Bh3 27. Rxc2 0-1

[Event "Torneo de Otoño C.C.C. 2014"]
[Site "Colmenarejo ESP"]
[Date "2014.11.02"]
[Round "6.1"]
[White "Perez De Villar Munoz, Eusebio"]
[Black "Fraga Suarez, Roberto"]
[Result "0-1"]
[WhiteElo "1981"]
[BlackElo "1810"]
[PlyCount "120"]
[EventDate "2014.09.28"]
[EventType "swiss"]
[EventRounds "7"]
[EventCountry "ESP"]
[Source "lmi"]
[SourceDate "2014.09.28"]

1. e4 c5 2. Nf3 d6 3. c4 e5 4. d3 Nc6 5. Nc3 f5 6. exf5 Bxf5 7. g3 Nf6 8. Nh4
Be6 9. Bg2 Qd7 10. O-O Bh3 11. f4 Bxg2 12. Nxg2 Be7 13. Ne3 O-O 14. Ned5 Rae8
15. fxe5 dxe5 16. Bd2 Bd8 17. Nxf6+ Bxf6 18. Nd5 Qd8 19. Qg4 Nd4 20. Bh6 Ne6
21. Rae1 Kh8 22. Bd2 Nc7 23. Nxf6 Rxf6 24. Rxf6 Qxf6 25. Rf1 Qd6 26. Qf5 Ne6
27. Bc3 Nd4 28. Qf7 Rb8 29. Rf2 h6 30. a3 Ne6 31. Qf5 Nd4 32. Qe4 b6 33. Rf7 a5
34. Kg2 Kg8 35. Rf1 Re8 36. Re1 Re7 37. Bxd4 cxd4 38. Qa8+ Kh7 39. Rf1 Rc7 40.
Qe4+ Kg8 41. b4 axb4 42. axb4 Qc6 43. Qxc6 Rxc6 44. Rf5 Re6 45. Kf3 g6 46. Ke4
gxf5+ 47. Kxf5 Kf7 48. Ke4 Ke7 49. g4 Kf6 50. h3 Rd6 51. h4 Ke6 52. Kf3 Rd7 53.
Kg3 Rg7 54. Kf3 Rf7+ 55. Kg3 Rf4 56. g5 hxg5 57. hxg5 Kf5 58. c5 bxc5 59. bxc5
Rg4+ 60. Kf3 Rxg5 0-1

[Event "Torneo de Otoño C.C.C. 2014"]
[Site "Colmenarejo ESP"]
[Date "2014.11.02"]
[Round "6.2"]
[White "Dominguez Coig, Alvaro"]
[Black "Escanciano Reyero, Daniel"]
[Result "1-0"]
[WhiteElo "1675"]
[BlackElo "1648"]
[PlyCount "59"]
[EventDate "2014.09.28"]
[EventType "swiss"]
[EventRounds "7"]
[EventCountry "ESP"]
[Source "lmi"]
[SourceDate "2014.09.28"]

1. e4 e5 2. Nf3 Nc6 3. Bb5 Nd4 4. Nxd4 exd4 5. O-O Bc5 6. d3 c6 7. Ba4 Ne7 8.
f4 O-O 9. Nd2 d5 10. Qh5 f5 11. e5 Be6 12. Rf3 Bf7 13. Qg5 Bg6 14. Rh3 a5 15.
a3 b5 16. Bb3 a4 17. Ba2 b4 18. Nf3 bxa3 19. bxa3 Qa5 20. Bd2 Qd8 21. Kh1 Rb8
22. Qg3 Rb2 23. Ng5 Qd7 24. e6 Qb7 25. Nxh7 Rxa2 26. Rxa2 Qb1+ 27. Be1 Qxa2 28.
Nxf8 Kxf8 29. Rh8+ Ng8 30. Qxg6 1-0

[Event "Torneo de Otoño C.C.C. 2014"]
[Site "Colmenarejo ESP"]
[Date "2014.11.02"]
[Round "6.3"]
[White "Orantes Sanz, Ricardo"]
[Black "Serrano Martinez, Francisco Jo"]
[Result "1-0"]
[WhiteElo "1638"]
[BlackElo "1918"]
[PlyCount "67"]
[EventDate "2014.09.28"]
[EventType "swiss"]
[EventRounds "7"]
[EventCountry "ESP"]
[Source "lmi"]
[SourceDate "2014.09.28"]

1. Nf3 c5 2. c4 Nc6 3. g3 Nf6 4. Bg2 d5 5. b3 d4 6. d3 e5 7. Nbd2 h6 8. O-O Be7
9. a3 Be6 10. Rb1 a5 11. Qe1 O-O 12. e4 Qd7 13. Nh4 Bh3 14. f4 Bxg2 15. Kxg2
exf4 16. gxf4 Ng4 17. Ndf3 Ne3+ 18. Bxe3 dxe3 19. Nf5 Qxd3 20. Qxe3 Rfd8 21.
Nxe7+ Nxe7 22. Qxc5 Qxe4 23. Rbe1 Qg6+ 24. Kh1 Nc6 25. Rg1 Qd3 26. Qe3 Qxe3 27.
Rxe3 Rd6 28. Nh4 Rf6 29. Reg3 g6 30. Ng2 Re8 31. Rf1 Nd4 32. Ne3 Ne2 33. Rgf3
Nxf4 34. Ng4 1-0

[Event "Torneo de Otoño C.C.C. 2014"]
[Site "Colmenarejo ESP"]
[Date "2014.11.02"]
[Round "6.4"]
[White "Vazquez Rodriguez, Maria Elena"]
[Black "Lopez Perolio, Jorge"]
[Result "0-1"]
[WhiteElo "1562"]
[BlackElo "1835"]
[PlyCount "74"]
[EventDate "2014.09.28"]
[EventType "swiss"]
[EventRounds "7"]
[EventCountry "ESP"]
[Source "lmi"]
[SourceDate "2014.09.28"]

1. d4 f5 2. c4 g6 3. b3 Bg7 4. Bb2 Nf6 5. Nf3 d6 6. Nc3 O-O 7. e3 Qe8 8. Be2 c6
9. O-O e5 10. d5 c5 11. h3 a6 12. a4 h6 13. Qc2 e4 14. Nh2 Nbd7 15. a5 Ne5 16.
f4 exf3 17. Nxf3 Nxf3+ 18. Rxf3 Bd7 19. Bd3 Ne4 20. Ra2 Ng5 21. Rf2 Qxe3 22.
Bc1 Qg3 23. Bxg5 Qxg5 24. Qd2 Qxd2 25. Rfxd2 Bxc3 26. Re2 Rae8 27. Rxe8 Rxe8
28. Re2 Rxe2 29. Bxe2 Bxa5 30. Kf2 Kf7 31. Ke3 Kf6 32. Bf3 b5 33. Be2 Ke5 34.
g3 Bc3 35. Bd3 bxc4 36. bxc4 a5 37. Bb1 a4 0-1

[Event "Torneo de Otoño C.C.C. 2014"]
[Site "Colmenarejo ESP"]
[Date "2014.11.02"]
[Round "6.5"]
[White "Calle Redondo, Daniel"]
[Black "Mataix Fernandez, Ricardo"]
[Result "0-1"]
[WhiteElo "1478"]
[BlackElo "1796"]
[PlyCount "48"]
[EventDate "2014.09.28"]
[EventType "swiss"]
[EventRounds "7"]
[EventCountry "ESP"]
[Source "lmi"]
[SourceDate "2014.09.28"]

1. e4 e5 2. Nf3 Nc6 3. Bc4 Nf6 4. Ng5 d5 5. exd5 b5 6. Nc3 bxc4 7. dxc6 Bd6 8.
d3 cxd3 9. Qxd3 h6 10. Nf3 O-O 11. O-O Rb8 12. Be3 Rxb2 13. Bxa7 Re8 14. Nd2
Rb4 15. Nde4 Nxe4 16. Nxe4 Ba6 17. Qxa6 Rxe4 18. Rab1 Qh4 19. Rb3 Ra4 20. Qb7
Rxa2 21. Bb8 Rxc2 22. Bxc7 Bxc7 23. Qxc7 Qc4 24. Qb6 Rc1 0-1

[Event "Torneo de Otoño C.C.C. 2014"]
[Site "Colmenarejo ESP"]
[Date "2014.11.02"]
[Round "6.6"]
[White "Perea Unceta, Luis"]
[Black "Pena Negueruela, Francisco"]
[Result "1-0"]
[WhiteElo "1575"]
[BlackElo "1372"]
[PlyCount "47"]
[EventDate "2014.09.28"]
[EventType "swiss"]
[EventRounds "7"]
[EventCountry "ESP"]
[Source "lmi"]
[SourceDate "2014.09.28"]

1. d4 d5 2. c4 e6 3. Nc3 Bb4 4. Nf3 Nc6 5. Bf4 dxc4 6. e4 b5 7. a4 Ba6 8. Be2
Nf6 9. Bg5 h6 10. Bxf6 Qxf6 11. e5 Qf5 12. O-O Bxc3 13. bxc3 Rd8 14. axb5 Bxb5
15. Nd2 Nxd4 16. cxd4 Rxd4 17. Bxc4 Bxc4 18. Qa4+ Rd7 19. Nxc4 O-O 20. Qxd7 Rb8
21. Qxc7 Rb4 22. Rxa7 Rb1 23. Ne3 Qd3 24. Qxf7+ 1-0

[Event "Torneo de Otoño C.C.C. 2014"]
[Site "Colmenarejo ESP"]
[Date "2014.11.09"]
[Round "7.1"]
[White "Dominguez Coig, Alvaro"]
[Black "Perez De Villar Munoz, Eusebio"]
[Result "0-1"]
[WhiteElo "1675"]
[BlackElo "1981"]
[PlyCount "44"]
[EventDate "2014.09.28"]
[EventType "swiss"]
[EventRounds "7"]
[EventCountry "ESP"]
[Source "lmi"]
[SourceDate "2014.09.28"]

1. e4 e5 2. Nf3 Nf6 3. d4 Nxe4 4. dxe5 d5 5. exd6 Bxd6 6. Bd3 Nc5 7. Bg5 Nxd3+
8. Qxd3 Bb4+ 9. Nc3 Qxd3 10. cxd3 O-O 11. O-O f6 12. Bf4 c6 13. a3 Ba5 14. b4
Bb6 15. Na4 Bg4 16. Nxb6 axb6 17. Ne1 Be2 18. Be3 Nd7 19. Nc2 Bxf1 20. Kxf1 b5
21. d4 Nb6 22. d5 Nxd5 0-1

[Event "Torneo de Otoño C.C.C. 2014"]
[Site "Colmenarejo ESP"]
[Date "2014.11.09"]
[Round "7.2"]
[White "Fraga Suarez, Roberto"]
[Black "Orantes Sanz, Ricardo"]
[Result "1-0"]
[WhiteElo "1810"]
[BlackElo "1638"]
[PlyCount "87"]
[EventDate "2014.09.28"]
[EventType "swiss"]
[EventRounds "7"]
[EventCountry "ESP"]
[Source "lmi"]
[SourceDate "2014.09.28"]

1. e4 e5 2. Nf3 Nc6 3. Bb5 d6 4. O-O Bg4 5. c3 a6 6. Bxc6+ bxc6 7. d4 Be7 8.
dxe5 Bxf3 9. Qxf3 dxe5 10. Qg3 Bf6 11. f4 Qe7 12. Na3 h5 13. Be3 exf4 14. Bxf4
h4 15. Qf3 O-O-O 16. Qe3 c5 17. e5 Re8 18. Qh3+ Qe6 19. Qxe6+ Rxe6 20. exf6
Nxf6 21. Rae1 Ne4 22. Nc4 g5 23. Be5 f6 24. Rxe4 fxe5 25. Rf5 Rd8 26. Kf2 Rde8
27. Rxg5 Rf6+ 28. Ke3 Ref8 29. Rexe5 Rf4 30. Rxc5 h3 31. gxh3 Rf3+ 32. Ke2 Rxh3
33. Rh5 Rhf3 34. Rcd5 Rf2+ 35. Ke3 R2f3+ 36. Kd4 R8f4+ 37. Kc5 Rf6 38. Rh8+ Rf8
39. Rxf8+ Rxf8 40. Rh5 Kd7 41. Ne5+ Kc8 42. b4 Kb7 43. a4 Rf6 44. b5 1-0

[Event "Torneo de Otoño C.C.C. 2014"]
[Site "Colmenarejo ESP"]
[Date "2014.11.09"]
[Round "7.3"]
[White "Mataix Fernandez, Ricardo"]
[Black "Lopez Perolio, Jorge"]
[Result "1/2-1/2"]
[WhiteElo "1796"]
[BlackElo "1835"]
[PlyCount "58"]
[EventDate "2014.09.28"]
[EventType "swiss"]
[EventRounds "7"]
[EventCountry "ESP"]
[Source "lmi"]
[SourceDate "2014.09.28"]

1. e4 c5 2. Nf3 d6 3. d4 cxd4 4. Nxd4 Nf6 5. Nc3 a6 6. g3 b5 7. Bg2 Bb7 8. O-O
g6 9. Re1 Qc7 10. Nd5 Bxd5 11. exd5 Bg7 12. c3 O-O 13. Bg5 Re8 14. Qd2 Nbd7 15.
Nc6 Nb6 16. b3 Rac8 17. Bxf6 Bxf6 18. Rac1 Qd7 19. c4 bxc4 20. bxc4 Na4 21. Qc2
Nc5 22. Rb1 h5 23. h4 Ra8 24. Rb6 Qc7 25. Reb1 Qc8 26. Kh2 Qg4 27. Bh3 Qf3 28.
Bg2 Qd3 29. Qxd3 Nxd3 1/2-1/2

[Event "Torneo de Otoño C.C.C. 2014"]
[Site "Colmenarejo ESP"]
[Date "2014.11.09"]
[Round "7.4"]
[White "Escanciano Reyero, Daniel"]
[Black "Martin Andres, Carlos"]
[Result "1-0"]
[WhiteElo "1648"]
[BlackElo "1309"]
[PlyCount "96"]
[EventDate "2014.09.28"]
[EventType "swiss"]
[EventRounds "7"]
[EventCountry "ESP"]
[Source "lmi"]
[SourceDate "2014.09.28"]

1. d4 Nf6 2. c4 e5 3. dxe5 Ne4 4. Qc2 f5 5. exf6 Nxf6 6. Nc3 Be7 7. Nf3 O-O 8.
Bg5 d6 9. e3 Nc6 10. a3 Bg4 11. O-O-O Ne5 12. Be2 Nxf3 13. gxf3 Be6 14. Rhg1
Nd7 15. Ne4 Bf5 16. Bxe7 Qxe7 17. Bd3 Bxe4 18. Bxe4 Nf6 19. Bxb7 Rab8 20. Bc6
Rb6 21. Bd5+ Nxd5 22. Rxd5 Rxf3 23. Rdg5 Rf7 24. Qd3 c6 25. b4 c5 26. Qd5 g6
27. bxc5 dxc5 28. Rf5 Kf8 29. Rxf7+ Qxf7 30. Qxc5+ Qe7 31. Qxe7+ Kxe7 32. Kc2
Rf6 33. Rf1 Ke6 34. Kd3 Kf5 35. c5 Kg4 36. f3+ Kh3 37. Rf2 Ra6 38. Ra2 Rc6 39.
Kc4 a6 40. f4 Kg4 41. Rd2 Kf3 42. Rd6 Rxc5+ 43. Kxc5 Kxe3 44. Rf6 Kf3 45. Rf7
h5 46. f5 gxf5 47. Rxf5+ Kg4 48. Rxh5 Kxh5 1-0

[Event "Torneo de Otoño C.C.C. 2014"]
[Site "Colmenarejo ESP"]
[Date "2014.11.09"]
[Round "7.5"]
[White "Calle Redondo, Daniel"]
[Black "Vazquez Rodriguez, Maria Elena"]
[Result "0-1"]
[WhiteElo "1478"]
[BlackElo "1562"]
[PlyCount "48"]
[EventDate "2014.09.28"]
[EventType "swiss"]
[EventRounds "7"]
[EventCountry "ESP"]
[Source "lmi"]
[SourceDate "2014.09.28"]

1. e4 c5 2. d4 cxd4 3. c3 dxc3 4. Nxc3 Nc6 5. Bc4 Nf6 6. Nf3 d6 7. Bg5 Ng4 8.
O-O Qb6 9. Nd5 Qa5 10. Qb3 e6 11. Ne3 Nxe3 12. Bxe3 Be7 13. Bf4 O-O 14. Rac1 a6
15. Rfd1 Rd8 16. Rc2 Qh5 17. Rcd2 e5 18. Bg3 Na5 19. Qc3 Nxc4 20. Qxc4 Be6 21.
Qb4 Rd7 22. Bxe5 dxe5 23. Qxe7 Rxe7 24. Rd8+ Re8 0-1

[Event "Torneo de Otoño C.C.C. 2014"]
[Site "Colmenarejo ESP"]
[Date "2014.11.09"]
[Round "7.8"]
[White "Pena Negueruela, Francisco"]
[Black "Firth, Roy Arthur"]
[Result "0-1"]
[WhiteElo "1372"]
[BlackElo "1474"]
[PlyCount "100"]
[EventDate "2014.09.28"]
[EventType "swiss"]
[EventRounds "7"]
[EventCountry "ESP"]
[Source "lmi"]
[SourceDate "2014.09.28"]

1. e4 e5 2. Nc3 Nf6 3. Nf3 Nc6 4. h3 a6 5. a3 d5 6. d3 dxe4 7. dxe4 Qxd1+ 8.
Nxd1 Nxe4 9. Be3 Bc5 10. Bd3 Bxe3 11. Nxe3 Nf6 12. O-O e4 13. Bxe4 Nxe4 14. Nd5
O-O 15. Rfe1 Nd6 16. Nxc7 Rb8 17. Rad1 Nb5 18. Nd5 Be6 19. c4 Bxd5 20. Rxd5 Nc7
21. Rd3 Rfe8 22. Red1 Red8 23. Rxd8+ Rxd8 24. Rxd8+ Nxd8 25. b4 Kf8 26. a4 Nc6
27. b5 Nb4 28. Nd4 Ke7 29. Nf5+ Kf6 30. Nd6 b6 31. Nc8 axb5 32. axb5 Na8 33.
Nd6 Ke6 34. Ne4 f6 35. g4 Ke5 36. f3 Kd4 37. Nd6 Kc5 38. Nc8 Kxc4 39. Nd6+ Kc5
40. Ne8 Kxb5 41. Nxg7 Nd5 42. h4 Kc4 43. g5 fxg5 44. hxg5 b5 45. Ne6 b4 46. f4
b3 47. f5 b2 48. f6 b1=Q+ 49. Kg2 Qe4+ 50. Kg3 Qxe6 0-1

[Event "Torneo de Otoño C.C.C. 2014"]
[Site "Colmenarejo ESP"]
[Date "2014.11.09"]
[Round "7.9"]
[White "Melcon Diez, Enrique"]
[Black "Pozas Pozas, Juan A"]
[Result "1-0"]
[WhiteElo "1623"]
[BlackElo "1693"]
[PlyCount "61"]
[EventDate "2014.09.28"]
[EventType "swiss"]
[EventRounds "7"]
[EventCountry "ESP"]
[Source "lmi"]
[SourceDate "2014.09.28"]

1. c4 e5 2. Nc3 Bc5 3. Nf3 Nc6 4. e3 d6 5. d4 exd4 6. exd4 Bb6 7. Be3 Bg4 8.
Be2 Nf6 9. O-O O-O 10. Re1 d5 11. c5 Ba5 12. a3 Bxc3 13. bxc3 Ne4 14. Qc2 Ne7
15. Nd2 Bxe2 16. Rxe2 f5 17. f3 Nxd2 18. Qxd2 h6 19. Rae1 Ng6 20. Bxh6 gxh6 21.
Qxh6 Qf6 22. Re6 Rae8 23. Rxe8 Rxe8 24. Rxe8+ Kf7 25. Re1 c6 26. Qh7+ Kf8 27.
Qxb7 Qh4 28. Qc8+ Kg7 29. g3 Qg5 30. Qxc6 Nh4 31. Qd7+ 1-0